(The) Manager's Source book : Handling The Problem Employee (Record no. 11261)

000 -LEADER
fixed length control field 00332nam a2200109Ia 4500
008 - FIXED-LENGTH DATA ELEMENTS--GENERAL INFORMATION
fixed length control field 210107s9999 xx 000 0 und d
100 ## - MAIN ENTRY--PERSONAL NAME
Personal name Alexander Hamilton Institute
245 #0 - TITLE STATEMENT
Title (The) Manager's Source book : Handling The Problem Employee
260 ## - PUBLICATION, DISTRIBUTION, ETC.
Place of publication, distribution, etc. New York
Name of publisher, distributor, etc. Alexander Hamilton Institute
300 ## - PHYSICAL DESCRIPTION
Extent ￯﾿ᄑ..
942 ## - ADDED ENTRY ELEMENTS (KOHA)
Koha item type Books
Holdings
Withdrawn status Lost status Damaged status Not for loan Permanent Location Date acquired Full call number Barcode Date last seen Price effective from Koha item type
        IMU Kolkata 2021-01-07 658.3045 A11185 PM07067 2021-01-07 2021-01-07 Books
Designed and Maintained by IMU-KC Library, Kolkata Campus © Copyright All Rights Reserved

webs counters

Powered by Koha